Guess the airport by code - Statistics

General Stats
  • This quiz has been taken 32 times
    25 since last reset
  • The average score is 23 of 26
Answer Stats
Hint Explanation Answer % Correct
BRU belgium brussels
100%
HKG hong kong hong kong
100%
MAN England Manchester
100%
AMS netherlands amsterdam
95%
DEL india delhi
95%
DOH Qatar Doha
95%
FRA Germany Frankfurt
95%
IST turkey istanbull
95%
LTN England Luton
95%
MAD Spain Madrid
95%
JFK Usa New york
95%
STN England Stanstead
95%
BCN Spain Barcelona
91%
SIN Singapore Singapore
91%
BKK thailand bangkok
86%
BHX England Birmingham
86%
DXB UAE Dubai
86%
DUB Ireland Dublin
86%
LHR England Heathrow
86%
BHD Ireland belfast
82%
MUC germany munich
82%
LBA England Leeds
77%
MLA malta malta
77%
LGW England Gatwick
68%
FAO portugal faro
55%
LPA SPAIN gran canaria
41%
No matching quizzes found
Score Distribution
Percent of People with Each Score
Percentile by Number Answered
Your Score History
You have not taken this quiz since the last reset